Transfer pricing : (Record no. 81472)

MARC details
000 -LEADER
fixed length control field 00672nam a22001937a 4500
005 - DATE AND TIME OF LATEST TRANSACTION
control field 20140307113144.0
010 ## - LCCN (DPL NO)
LC control number ENG-109005-06
020 ## - INTERNATIONAL STANDARD BOOK NUMBER
International Standard Book Number 9789351430018(set)
Terms of availability 2750.00(set of 2 vols.)
020 ## - INTERNATIONAL STANDARD BOOK NUMBER
International Standard Book Number 9789351430513
Terms of availability 2750.00(set of 2 vols.)
020 ## - INTERNATIONAL STANDARD BOOK NUMBER
International Standard Book Number 9789351430520
Terms of availability 2750.00(set of 2 vols.)
035 ## - SYSTEM CONTROL NUMBER
System control number EN-92538-39
037 ## - SOURCE OF ACQUISITION
Source of stock number/acquisition DBAD/PUB
082 ## - DEWEY DECIMAL CLASSIFICATION NUMBER
Classification number 338.520954
245 ## - TITLE STATEMENT
Title Transfer pricing :
Remainder of title case digest
260 ## - PUBLICATION, DISTRIBUTION, ETC. (IMPRINT)
Place of publication, distribution, etc Gurgaon
Name of publisher, distributor, etc Lexis Nexis
Date of publication, distribution, etc 2014
270 ## - ADDRESS
Address 14th floor, Building No 10, Tower-B, DLF Cyber City, Phase-ll,
City Gurgaon
Postal code 122002
300 ## - PHYSICAL DESCRIPTION
Extent 2V.(1154p. ; xliv,1155-1968p.)
Dimensions 25cm(Hb)
942 ## - ADDED ENTRY ELEMENTS (KOHA)
Source of classification or shelving scheme Dewey Decimal Classification
Item type English Books
Call number suffix TRA
Classification part 338.520954
Holdings
Withdrawn status Lost status Materials specified (bound volume or other part) Not for loan Collection code Home library Current library Date acquired Source of acquisition Cost, normal purchase price Full call number Barcode Copy number Cost, replacement price Koha item type
    v.1 Not For Loan Non-fiction D.B.Act.Division D.B.Act.Division 24/12/2013 DBAD/PUB 2750.00 338.520954 TRA EN-92538 1 2750.00 English Books
    v.2 Not For Loan Non-fiction D.B.Act.Division D.B.Act.Division 24/12/2013 DBAD/PUB 2750.00 338.520954 TRA EN-92539 1 2750.00 English Books

© Delhi Public Library
Hit Counter
free hit counter